Paroles meurtrières (notice n° 1595173)

détails MARC
000 -LEADER
fixed length control field 01135cam a2200241 4500500
005 - DATE AND TIME OF LATEST TRANSACTION
control field 20251228073411.0
041 ## - LANGUAGE CODE
Language code of text/sound track or separate title fre
042 ## - AUTHENTICATION CODE
Authentication code dc
100 10 - MAIN ENTRY--PERSONAL NAME
Personal name Lemonnier, Brigitte
Relator term author
245 00 - TITLE STATEMENT
Title Paroles meurtrières
260 ## - PUBLICATION, DISTRIBUTION, ETC.
Date of publication, distribution, etc. 2004.<br/>
500 ## - GENERAL NOTE
General note 59
520 ## - SUMMARY, ETC.
Summary, etc. Résumé Un sujet affirme que ses deux passages à l’acte suicidaires ont eu pour motif un énoncé très précis de la part d’un tiers. Pourquoi ces énoncés ont-ils eu un poids ? L’étude de la logique de ce cas clinique tente de répondre à cette question.
520 ## - SUMMARY, ETC.
Summary, etc. A subject asserts that his two suicidal passages to the act were prompted by the statement of someone. Why should such statements be so active ? The analysis of the logic underlying this clinical case means to answer this question.
690 ## - LOCAL SUBJECT ADDED ENTRY--TOPICAL TERM (OCLC, RLIN)
Topical term or geographic name as entry element à l'acte.
690 ## - LOCAL SUBJECT ADDED ENTRY--TOPICAL TERM (OCLC, RLIN)
Topical term or geographic name as entry element ïa
690 ## - LOCAL SUBJECT ADDED ENTRY--TOPICAL TERM (OCLC, RLIN)
Topical term or geographic name as entry element Suicide
690 ## - LOCAL SUBJECT ADDED ENTRY--TOPICAL TERM (OCLC, RLIN)
Topical term or geographic name as entry element paranoia
690 ## - LOCAL SUBJECT ADDED ENTRY--TOPICAL TERM (OCLC, RLIN)
Topical term or geographic name as entry element passage to the act.
690 ## - LOCAL SUBJECT ADDED ENTRY--TOPICAL TERM (OCLC, RLIN)
Topical term or geographic name as entry element Suicide
786 0# - DATA SOURCE ENTRY
Note Savoirs et clinique | 5 | 2 | 2004-10-01 | p. 27-34 | 1634-3298
856 41 - ELECTRONIC LOCATION AND ACCESS
Uniform Resource Identifier <a href="https://shs.cairn.info/revue-savoirs-et-cliniques-2004-2-page-27?lang=fr&redirect-ssocas=7080">https://shs.cairn.info/revue-savoirs-et-cliniques-2004-2-page-27?lang=fr&redirect-ssocas=7080</a>

Pas d'exemplaire disponible.

PLUDOC

PLUDOC est la plateforme unique et centralisée de gestion des bibliothèques physiques et numériques de Guinée administré par le CEDUST. Elle est la plus grande base de données de ressources documentaires pour les Étudiants, Enseignants chercheurs et Chercheurs de Guinée.

Adresse

627 919 101/664 919 101

25 boulevard du commerce
Kaloum, Conakry, Guinée

Réseaux sociaux

Powered by Netsen Group @ 2025